Forteresses du Proche-Orient : l'architecture militaire des Ayyoubides /

محفوظ في:

المؤلف الرئيسي: Yovitchitch, Cyril.

التنسيق: كتاب

اللغة: French

منشور في: Paris : Presses de l'Université Paris-Sorbonne, c2011.

سلاسل: Islam (Presses de l'Université de Paris-Sorbonne).

الموضوعات:

الوسوم: إضافة وسم

لا توجد وسوم, كن أول من يضع وسما على هذه التسجيلة!

رقم الطلب: UG432 .M628 Y68

LEADER 00896nam a22002297a 4500
003 OSt
005 20251201081132.0
008 251201t2011 fr abe b 001 0 fre d
020 |a 9782840507413 
040 |c ARCE Library 
050 1 4 |a UG432 .M628  |b Y68 
100 1 |a Yovitchitch, Cyril. 
245 1 0 |a Forteresses du Proche-Orient :   |b l'architecture militaire des Ayyoubides /   |c Cyril Yovitchitch ; [préface de Jean-Pierre Van Staëvel]. 
264 1 |a Paris :   |b Presses de l'Université Paris-Sorbonne,   |c c2011. 
300 |a 368 p. :   |b ill. (chiefly col.), maps, plans ;   |c 29 cm. 
490 0 |a Islam (Presses de l'Université de Paris-Sorbonne). 
650 0 |a Architecture, Ayyubid -- Middle East. 
650 0 |a Fortification -- Middle East -- History -- To 1500. 
650 0 |a Military architecture -- Middle East -- History -- To 1500. 
901 |a reviewed 
942 |2 lcc  |c BK 
999 |c 49329  |d 49329